00385nam a22000977a 4500040000700000082000800007100003500015245007900050260014900129300000900278 cHS a570 aDUK CHHENG ឌុក ឆេង aវដ្តភេទ និង ភាពតំរូវរបស់វា aវិទ្យាសា្ថនបច្ចេកទេសកសិកម្ម ចំការដូងbDUK CHHENG ឌុក ឆេងc1997 a19p.